000
00261nam a2200109Ia 4500
005
20251222114403.0
008
251222s1900||||xx |||||||||||||| ||spa||
082
_a
DVD0080/W17/1988
245
0
_a
Los PoseĆdos
264
_b
Gaumont Production Films
942
_c
DVD
999
_c
1719
_d
1719